[Event "Wroclaw Anderssen Memorial"]
[Site "Wroclaw"]
[Date "2020.08.09"]
[Round "2"]
[White "Kowalczyk, Rafal"]
[Black "Czernichowski, Konrad"]
[Result "1-0"]
[WhiteElo "2268"]
[BlackElo "1047"]
[PlyCount "91"]
[EventDate "2020.08.09"]
[EventType "swiss"]
[EventRounds "11"]
[EventCountry "POL"]
[SourceTitle "CBM 197 Extra"]
[Source "ChessBase"]
[SourceDate "2020.09.30"]
[SourceVersion "1"]
[SourceVersionDate "2020.09.30"]
[SourceQuality "1"]

1. e4 e5 2. Nf3 Nc6 3. Bc4 Nd4 4. Nxd4 exd4 5. d3 c6 6. 0-0 Nf6 7. e5 d5 8. exf6 dxc4 9. Re1+ Be6 10. Qh5 Qd5 11. Qxd5 cxd5 12. Bg5 0-0-0 13. fxg7 Bxg7 14. Bxd8 Kxd8 15. Nd2 b5 16. a4 b4 17. Nf3 Kd7 18. dxc4 Bg4 19. Ne5+ Bxe5 20. Rxe5 dxc4 21. Re4 Be6 22. Rxd4+ Kc6 23. Rad1 Rg8 24. f3 Bh3 25. Rxc4+ Kb6 26. Rd6+ Kb7 27. g3 Rg6 28. Rxg6 fxg6 29. Rxb4+ Kc6 30. Rh4 Bf5 31. Rxh7 Bxc2 32. Rxa7 Kb6 33. Rg7 Ka5 34. b3 Bxb3 35. Rxg6 Bxa4 36. Kf2 Kb5 37. Ke3 Kc5 38. h4 Be8 39. Rg7 Kd6 40. g4 Ke6 41. Kf4 Kf6 42. Rb7 Kg6 43. h5+ Kh6 44. Kf5 Bc6 45. g5+ Kxh5 46. Rh7# 1-0